Middle-earth Locations Quiz Stats

Quiz Updated Jun 29, 2015

Also try: LOTR: Races
Challenge
Share
Tweet
Embed
Score 0/34 Timer 08:00
4 Plays Today
% Correct
Mount Doom
87.6%
Rivendell
83.5%
Isengard
80.9%
Fangorn
74.5%
Bridge of Khazad-dûm
73.8%
The Lonely Mountain
73.7%
Minas Tirith
73.1%
Hobbiton
71%
Bree
67.2%
Lothlórien
66.3%
Helm's Deep
65.2%
Weathertop
62.1%
The Black Gate
56.7%
Mirkwood
56.6%
Edoras
51.8%
Lake-town
51.5%
Cirith Ungol
51.1%
% Correct
Barad-dûr
51%
Misty Mountains
48.6%
Pelennor Fields
44.7%
The Old Forest
41.9%
The Grey Havens
41.1%
River Anduin
39%
Osgiliath
38.6%
Barrow-downs
35.1%
North Ithilien
28.2%
Dead Marshes
25%
Paths of the Dead
23.2%
Emyn Muil
22.5%
Ford of Bruinen
21.9%
Forbidden Pool
20.1%
Trollshaws
16.9%
Dunharrow
15.9%
Gladden Fields
14.1%

You're not logged in!

Compare scores with friends on all Sporcle quizzes.
Sign Up with Email
OR
Log In

You Might Also Like...

Show Comments

Extras

Top Quizzes Today


Score Distribution

Your Account Isn't Verified!

In order to create a playlist on Sporcle, you need to verify the email address you used during registration. Go to your Sporcle Settings to finish the process.